<?xml version="1.0" encoding="UTF-8"?>
<collection xmlns:xsi="http://www.w3.org/2001/XMLSchema-instance" xsi:schemaLocation="http://www.loc.gov/MARC21/slim http://www.loc.gov/standards/marcxml/schema/MARC21slim.xsd" xmlns="http://www.loc.gov/MARC21/slim">
 <record>
  <leader>00000dgm a22000004i 4500</leader>
  <controlfield tag="001">UP-1685594773861938847</controlfield>
  <controlfield tag="003">Buklod</controlfield>
  <controlfield tag="005">20241129103043.0</controlfield>
  <controlfield tag="006">g||| |     ||   ||</controlfield>
  <controlfield tag="007">ta</controlfield>
  <controlfield tag="008">140208s2008    xx     d||| |     ||   ||</controlfield>
  <datafield tag="020" ind1=" " ind2=" ">
   <subfield code="a">0736079955</subfield>
  </datafield>
  <datafield tag="020" ind1=" " ind2=" ">
   <subfield code="a">97807360799552</subfield>
  </datafield>
  <datafield tag="035" ind1=" " ind2=" ">
   <subfield code="a">(iLib)UPBAG-00012765191</subfield>
  </datafield>
  <datafield tag="037" ind1=" " ind2=" ">
   <subfield code="a">VDR-1053</subfield>
   <subfield code="c">P2,500.00</subfield>
  </datafield>
  <datafield tag="040" ind1=" " ind2=" ">
   <subfield code="a">BAG</subfield>
   <subfield code="e">rda</subfield>
  </datafield>
  <datafield tag="041" ind1=" " ind2=" ">
   <subfield code="a">eng</subfield>
  </datafield>
  <datafield tag="090" ind1=" " ind2="0">
   <subfield code="a">VDR-1053</subfield>
  </datafield>
  <datafield tag="245" ind1="0" ind2="0">
   <subfield code="a">Transition game</subfield>
   <subfield code="h">[videorecording]</subfield>
   <subfield code="c">Human Kinetics.</subfield>
  </datafield>
  <datafield tag="264" ind1=" " ind2="1">
   <subfield code="a">Champaign, Ill</subfield>
   <subfield code="b">Human Kinetics</subfield>
   <subfield code="c">[2008]</subfield>
  </datafield>
  <datafield tag="300" ind1=" " ind2=" ">
   <subfield code="a">1 videodisc (52 minutes)</subfield>
   <subfield code="b">sound, color</subfield>
   <subfield code="c">4 3/4 inches</subfield>
  </datafield>
  <datafield tag="490" ind1="0" ind2=" ">
   <subfield code="a">Duke Basketball series</subfield>
  </datafield>
  <datafield tag="500" ind1=" " ind2=" ">
   <subfield code="a">Source:Title taken  from the disc.</subfield>
  </datafield>
  <datafield tag="505" ind1="0" ind2=" ">
   <subfield code="a">Transition game -- Coach K open -- Goals and principles -- 2-man drills -- 3-man drills -- 4-man drills -- 5-man drills -- Defense -- Coach K close.</subfield>
  </datafield>
  <datafield tag="508" ind1=" " ind2=" ">
   <subfield code="a">Video editor, Wayne Nelson ; camera operators, Bruce Wittman, Dale Dexter, Ken Hockney.</subfield>
  </datafield>
  <datafield tag="511" ind1="0" ind2=" ">
   <subfield code="a">Coach, Mike Krzyzewski.</subfield>
  </datafield>
  <datafield tag="520" ind1=" " ind2=" ">
   <subfield code="a">Team defense shows the transformation of five individual players into a single, basket-denying unit. Finally, good transitions-both offensive and defensive-enable a team to consistently gain the advantage by quickly moving to the right positions, recognizing opportunities, and aggressively taking advantage of turnovers. Throughout, Coach K and his staff teach, correct, reinforce, and attend to all aspects of the game.</subfield>
  </datafield>
  <datafield tag="538" ind1=" " ind2=" ">
   <subfield code="a">DVD.</subfield>
  </datafield>
  <datafield tag="546" ind1=" " ind2=" ">
   <subfield code="a">In English.</subfield>
  </datafield>
  <datafield tag="610" ind1="2" ind2="0">
   <subfield code="a">Duke Blue Devils (Basketball team).</subfield>
  </datafield>
  <datafield tag="610" ind1="2" ind2="0">
   <subfield code="a">Duke University</subfield>
   <subfield code="x">Basketball.</subfield>
  </datafield>
  <datafield tag="650" ind1="1" ind2="0">
   <subfield code="a">Basketball</subfield>
   <subfield code="x">Training</subfield>
   <subfield code="x">Audio-visual aids.</subfield>
  </datafield>
  <datafield tag="650" ind1="1" ind2="0">
   <subfield code="a">Basketball</subfield>
   <subfield code="x">Defense</subfield>
   <subfield code="x">Audio-visual aids.</subfield>
  </datafield>
  <datafield tag="650" ind1="1" ind2="0">
   <subfield code="a">Basketball</subfield>
   <subfield code="x">Offense</subfield>
   <subfield code="x">Audio-visual aids.</subfield>
  </datafield>
  <datafield tag="650" ind1="1" ind2="0">
   <subfield code="a">Basketball</subfield>
   <subfield code="x">CoachingxAudio-visual aids.</subfield>
  </datafield>
  <datafield tag="650" ind1="1" ind2="0">
   <subfield code="a">Basketball</subfield>
   <subfield code="x">Audio-visual aids.</subfield>
  </datafield>
  <datafield tag="700" ind1="1" ind2=" ">
   <subfield code="a">Krzyzewski, Mike</subfield>
   <subfield code="e">coach.</subfield>
  </datafield>
  <datafield tag="700" ind1="1" ind2=" ">
   <subfield code="a">Fink, Doug</subfield>
   <subfield code="e">producer</subfield>
   <subfield code="e">director.</subfield>
  </datafield>
  <datafield tag="710" ind1="2" ind2=" ">
   <subfield code="a">Human Kinetics, Inc.</subfield>
  </datafield>
  <datafield tag="710" ind1="2" ind2=" ">
   <subfield code="a">Human Kinetics (Organization).</subfield>
  </datafield>
  <datafield tag="852" ind1="0" ind2=" ">
   <subfield code="a">UPBAG</subfield>
   <subfield code="b">UPBAG-MAIN</subfield>
   <subfield code="h">BC-VDR-1053</subfield>
  </datafield>
  <datafield tag="942" ind1=" " ind2=" ">
   <subfield code="a">Visual Material</subfield>
  </datafield>
 </record>
</collection>
